Catalog

Record Details

Catalog Search



The young lions  Cover Image Book Book

The young lions / Irwin Shaw

Record details

  • ISBN: 0-440-19794-5
  • Physical Description: 603 S. ; 18 cm
  • Edition: [Ninth Dell printing]
  • Publisher: New York : Dell Book, 1979

Available copies

  • 1 of 1 copy available at Common Catalog SPOK.

Holds

  • 0 current holds with 1 total copy.
Show Only Available Copies
Location Call Number / Copy Notes Barcode Shelving Location Status Due Date
The Jewish community of Prague K 1584 4638306919 K - Beletrie Available -

LDR 00724nam a2200241ui 4500
00158269
003CZ-PrJAB
00520201223183705.0
008911227s1979 xxu||||| |||| 00| ||eng d
020 . ‡a0-440-19794-5
035 . ‡a(swissbib)025729993-41slsp_network
035 . ‡a025729993
035 . ‡a(IDSBB)000767064DSV01
040 . ‡aSzZuIDS BS/BE A100 ‡bger ‡erda ‡dCH-ZuSLS
1001 . ‡aShaw, Irwin, ‡d1913-1984 ‡7jn20000604849 ‡4aut
24510. ‡aThe young lions / ‡cIrwin Shaw
250 . ‡a[Ninth Dell printing]
264 1. ‡aNew York : ‡bDell Book, ‡c1979
300 . ‡a603 S. ; ‡c18 cm
336 . ‡atext ‡btxt ‡2rdacontent
337 . ‡abez média ‡bn ‡2rdamedia
338 . ‡asvazek ‡bnc ‡2rdacarrier
6530 . ‡aromány válečné
910 . ‡aABE461
995 . ‡aska
901 . ‡a58269 ‡bAUTOGEN ‡c58269 ‡tbiblio

Additional Resources